[Event "Level op 7th"]
[Site "Level"]
[Date "2019.05.10"]
[Round "2"]
[White "Kiss, Laszlo"]
[Black "Barany, Tamas"]
[Result "1/2-1/2"]
[WhiteElo "1850"]
[BlackElo "1921"]
[PlyCount "49"]
[EventDate "2019.05.10"]
[EventType "swiss"]
[EventRounds "7"]
[EventCountry "HUN"]
[SourceTitle "EXT 2021"]
[Source "ChessBase"]
[SourceDate "2020.10.23"]
[SourceVersion "1"]
[SourceVersionDate "2020.10.23"]
[SourceQuality "1"]

1. Nf3 e6 2. e4 d5 3. exd5 exd5 4. d4 Bd6 5. Nc3 c6 6. Bd3 Ne7 7. 0-0 0-0 8. Re1 Na6 9. Ne2 Nb4 10. Ng3 Nxd3 11. Qxd3 Qc7 12. Bd2 h6 13. Re2 b5 14. b4 a5 15. Ne5 axb4 16. Rae1 Ra3 17. c3 bxc3 18. Bc1 Ra4 19. Qxc3 Bb4 20. Qd3 Bxe1 21. Bxh6 gxh6 22. Nh5 Bf5 23. Nf6+ Kg7 24. Nh5+ Kh8 25. Qg3 1/2-1/2